00482nam a2200157Ia 4500003000900000008004100009040003300050041000800083080001200091245006100103260003000164300002100194942000700215952008500222999001700307LK-CoDNM010623t1913 xxu||||| |||| 00| 1 eng d aLK-CoDNMdLK-CoDNMeLK-CoDNM aeng a15 G 14 aGovernment Circulars Issued to Heads of Departments-1912 bH.C.CottleaColomboc1913 bviii,60p., 24 cm cBK 001040708MONOaMAINbMAINd2023-08-02l0o15 G 14r2023-08-02w2023-08-02yBK c87695d87695